000 00369nam a2200157Ia 4500
001 R-1643
003 CODICE-MESSINA
005 20260212102510.0
008 260211s9999 xx 000 0 und d
040 _cimportazione_messina
100 _aCraig Warwich
245 0 _aTutti Quanti Abbiamo Un Angelo
245 0 _bRomanzo
260 _bRizzoli
942 _2ddc
_cBK
999 _c28150
_d28150